Capital Cities furthest from Center of the Earth - Statistics

General Stats
  • This quiz has been taken 67 times
  • The average score is 10 of 20
Answer Stats
D (km) Capital City % Correct
6.381,0 Quito
83%
6.378,7 Sucre
72%
6.380,6 Bogota
69%
6.379,4 Kampala
67%
6.378,3 Kinshasa
67%
6.379,8 Nairobi
67%
6.378,3 Caracas
61%
6.379,7 Kigali
61%
6.378,3 Brazzaville
57%
6.378,9 Bujumbura
57%
6.380,0 Addis Ababa
56%
6.379,0 Dodoma
54%
6.378,5 Juba
48%
6.378,4 Bangui
46%
6.378,8 Yaounde
37%
6.379,0 Asmara
35%
6.378,9 Sana'a
33%
6.378,7 San Jose
22%
6.378,1 Singapore
22%
6.378,3 Guatemala City
17%
No matching quizzes found
Score Distribution
Percent of People with Each Score
Percentile by Number Answered
Your Score History
You have not taken this quiz